[Event "Daventry 4NCL U2000"]
[Site "Daventry"]
[Date "2025.04.20"]
[Round "4.7"]
[White "Matthews, Adrian MS"]
[Black "Waterfield, Mark B"]
[Result "0-1"]
[WhiteElo "1855"]
[BlackElo "1990"]
[PlyCount "186"]
[EventDate "2025.04.18"]
[EventType "swiss"]
[EventRounds "7"]
[EventCountry "ENG"]
[SourceTitle "BritBase"]
[Source "John Saunders"]
[SourceDate "2025.09.17"]
[SourceVersion "1"]
[SourceVersionDate "2025.09.17"]
[SourceQuality "1"]

1. e4 e6 2. d4 d5 3. e5 c5 4. c3 Nc6 5. Nf3 Nge7 6. Na3 cxd4 7. cxd4 Nf5 8. Nc2 Bd7 9. Bd3 Be7 10. g4 Nh4 11. Nxh4 Bxh4 12. g5 Bxg5 13. Qg4 Qa5+ 14. Ke2 Bxc1 15. Rhxc1 g6 16. a3 Qd8 17. b4 Qe7 18. Qf4 Rf8 19. Qf6 Qxf6 20. exf6 e5 21. Bb5 Nxd4+ 22. Nxd4 exd4 23. Rc5 Bxb5+ 24. Rxb5 O-O-O 25. Rc5+ Kb8 26. Kd3 Rfe8 27. Kxd4 Re4+ 28. Kd3 Rf4 29. Re1 Re4 30. Rec1 Rc4 31. Re1 Re4 32. Rec1 Re6 33. Rc7 Rxf6 34. Re7 Rc8 35. Rf1 Rf4 36. Rd7 Rf5 37. Re1 Rf3+ 38. Kd2 Rxf2+ 39. Kd1 Rfc2 40. Ree7 R2c7 41. Rxf7 Rxd7 42. Rxd7 Rc3 43. Rxh7 Rxa3 44. Rg7 Ra1+ 45. Kc2 Ra2+ 46. Kb3 Rxh2 47. Rxg6 Kc7 48. Rg7+ Kb6 49. Rd7 Kc6 50. Rd8 Rh3+ 51. Kb2 Rh6 52. Kc3 Rd6 53. Rc8+ Kd7 54. Rh8 d4+ 55. Kd3 Kc6 56. Rh5 Rd5 57. Rh7 a6 58. Rg7 b6 59. Rg8 Kb5 60. Rg6 a5 61. bxa5 Kxa5 62. Rg1 Rd8 63. Kc4 Ka6 64. Ra1+ Kb7 65. Kd3 Kc6 66. Rh1 Rd6 67. Rh5 Rd5 68. Rh8 Kc5 69. Rh1 Re5 70. Rc1+ Kd5 71. Rb1 Re3+ 72. Kd2 Kc5 73. Rc1+ Kb4 74. Rc6 b5 75. Rd6 Kc5 76. Rd8 Rh3 77. Rd7 Kc4 78. Rc7+ Kb3 79. Rd7 d3 80. Rc7 b4 81. Ra7 Kb2 82. Rb7 b3 83. Rb8 Rg3 84. Rb7 Rf3 85. Rb8 Rh3 86. Rb7 Rh2+ 87. Kxd3 Rc2 88. Rb8 Ka2 89. Rb7 Rc8 90. Ra7+ Kb1 91. Kd2 b2 92. Ra6 Rd8+ 93. Kc3 Kc1 0-1

[Event "Daventry 4NCL U2000"]
[Site "Daventry"]
[Date "2025.04.20"]
[Round "4.8"]
[White "Bellano, Harry"]
[Black "Bramson, Mike"]
[Result "1/2-1/2"]
[WhiteElo "1645"]
[BlackElo "1953"]
[PlyCount "67"]
[EventDate "2025.04.18"]
[EventType "swiss"]
[EventRounds "7"]
[EventCountry "ENG"]
[SourceTitle "BritBase"]
[Source "John Saunders"]
[SourceDate "2025.09.17"]
[SourceVersion "1"]
[SourceVersionDate "2025.09.17"]
[SourceQuality "1"]

1. e4 e5 2. f4 d5 3. exd5 e4 4. Nc3 Nf6 5. Bb5+ c6 6. dxc6 Nxc6 7. d3 Bb4 8. Nge2 O-O 9. O-O Bc5+ 10. Kh1 exd3 11. Qxd3 Ng4 12. Ne4 Qh4 13. Qg3 Qxg3 14. N2xg3 Be3 15. h3 Bxc1 16. Raxc1 Nd4 17. Bd3 Ne3 18. Rfe1 Nef5 19. c3 Nxg3+ 20. Nxg3 Nc6 21. Re3 Be6 22. b3 Rad8 23. Rce1 Bc8 24. Ne4 h6 25. g4 f5 26. gxf5 Bxf5 27. Nc5 b6 28. Bxf5 Rxf5 29. Nd3 Rfd5 30. Re8+ Kf7 31. Rxd8 Rxd8 32. Re3 Kf6 33. Kg2 Ne7 34. Rf3 1/2-1/2

[Event "Daventry 4NCL U2000"]
[Site "Daventry"]
[Date "2025.04.20"]
[Round "4.9"]
[White "Fallowfield, Nicholas"]
[Black "Ronald, Ted"]
[Result "1-0"]
[WhiteElo "1909"]
[BlackElo "1826"]
[PlyCount "35"]
[EventDate "2025.04.18"]
[EventType "swiss"]
[EventRounds "7"]
[EventCountry "ENG"]
[SourceTitle "BritBase"]
[Source "John Saunders"]
[SourceDate "2025.09.17"]
[SourceVersion "1"]
[SourceVersionDate "2025.09.17"]
[SourceQuality "1"]

1. Nf3 c5 2. c4 Nc6 3. d4 cxd4 4. Nxd4 e5 5. Nb5 d6 6. g3 a6 7. N5c3 Be6 8. Nd5 g6 9. Nbc3 Bg7 10. Bg2 Nge7 11. Bg5 O-O 12. Nf6+ Kh8 13. h4 h6 14. Qd2 Bxf6 15. Bxf6+ Kh7 16. h5 Rg8 17. hxg6+ Rxg6 18. Be4 1-0

[Event "Daventry 4NCL U2000"]
[Site "Daventry"]
[Date "2025.04.20"]
[Round "4.10"]
[White "Dunkley, Michael"]
[Black "Liu, Jacob"]
[Result "0-1"]
[WhiteElo "1825"]
[BlackElo "1858"]
[PlyCount "58"]
[EventDate "2025.04.18"]
[EventType "swiss"]
[EventRounds "7"]
[EventCountry "ENG"]
[SourceTitle "BritBase"]
[Source "John Saunders"]
[SourceDate "2025.09.17"]
[SourceVersion "1"]
[SourceVersionDate "2025.09.17"]
[SourceQuality "1"]

1. Nf3 d5 2. c4 c6 3. e3 Nf6 4. b3 Bf5 5. Bb2 e6 6. Be2 Nbd7 7. O-O Be7 8. d4 h6 9. Nc3 O-O 10. Rc1 Re8 11. Ne5 Nxe5 12. dxe5 Nd7 13. Na4 dxc4 14. bxc4 Nb6 15. Nc3 Qc7 16. Qb3 Nd7 17. Na4 Nxe5 18. e4 Bg6 19. f4 Nd7 20. f5 exf5 21. exf5 Bh7 22. c5 Bg5 23. Rc2 Re3 24. Bc3 Rae8 25. Qb2 R8e4 26. Bd4 Rh4 27. Bxg7 Qxh2+ 28. Kf2 Qg3+ 29. Kg1 Ree4 0-1

[Event "Daventry 4NCL U2000"]
[Site "Daventry"]
[Date "2025.04.20"]
[Round "4.11"]
[White "Robinson, Brian"]
[Black "Roychowdhury, Aashita"]
[Result "0-1"]
[WhiteElo "1742"]
[BlackElo "1654"]
[PlyCount "58"]
[EventDate "2025.04.18"]
[EventType "swiss"]
[EventRounds "7"]
[EventCountry "ENG"]
[SourceTitle "BritBase"]
[Source "John Saunders"]
[SourceDate "2025.09.17"]
[SourceVersion "1"]
[SourceVersionDate "2025.09.17"]
[SourceQuality "1"]

1. d4 d5 2. Nf3 Bf5 3. e3 Nf6 4. Bd3 Bg6 5. O-O e6 6. Nbd2 Bd6 7. Qe2 O-O 8. Bxg6 hxg6 9. e4 dxe4 10. Nxe4 c6 11. Bg5 Be7 12. Rad1 Re8 13. c4 Qa5 14. a3 Nxe4 15. Bxe7 Rxe7 16. Qxe4 Nd7 17. Qe1 Qxe1 18. Rfxe1 Nb6 19. b3 Rd7 20. Ne5 Rdd8 21. h3 Nd7 22. Nf3 Nf6 23. b4 a5 24. b5 cxb5 25. cxb5 a4 26. Rc1 Rac8 27. Red1 Nd5 28. Rc5 Nc3 29. Rc1 Ne2+ 0-1

[Event "Daventry 4NCL U2000"]
[Site "Daventry"]
[Date "2025.04.20"]
[Round "4.12"]
[White "Poderico, Francesco"]
[Black "Dean, Robert A"]
[Result "1/2-1/2"]
[WhiteElo "1756"]
[BlackElo "1790"]
[PlyCount "135"]
[EventDate "2025.04.18"]
[EventType "swiss"]
[EventRounds "7"]
[EventCountry "ENG"]
[SourceTitle "BritBase"]
[Source "John Saunders"]
[SourceDate "2025.09.17"]
[SourceVersion "1"]
[SourceVersionDate "2025.09.17"]
[SourceQuality "1"]

1. d4 d5 2. c4 c6 3. e3 Nf6 4. Nf3 Nbd7 5. Nbd2 e6 6. Bd3 dxc4 7. Nxc4 b5 8. Nce5 Nxe5 9. Nxe5 Bb7 10. Qc2 Rc8 11. O-O Bd6 12. f4 Qb6 13. a4 a6 14. Qe2 g6 15. Bd2 Nd5 16. axb5 cxb5 17. Ba5 Qa7 18. Bxb5+ Kf8 19. Bd7 Ra8 20. Rfc1 Kg7 21. g3 Nf6 22. Nc6 Bxc6 23. Bxc6 Rab8 24. Bc3 Rb6 25. d5 Qe7 26. Rxa6 Rhb8 27. Rxb6 Rxb6 28. Bd4 Rb4 29. Rc4 Kg8 30. Rxb4 Bxb4 31. Qb5 Nxd5 32. Bxd5 exd5 33. Qxd5 Qc7 34. Qa8+ Bf8 35. Qf3 Qc1+ 36. Kf2 Qc2+ 37. Qe2 Qf5 38. Qd2 Bg7 39. Qc3 Bxd4 40. exd4 h5 41. Qc5 Qd3 42. Qc8+ Kh7 43. Qc3 Qf5 44. Qd2 h4 45. d5 Qh3 46. Kf3 hxg3 47. hxg3 Qh1+ 48. Qg2 Qd1+ 49. Kf2 Qd4+ 50. Kf1 Qd1+ 51. Kf2 Qd4+ 52. Ke1 Qe3+ 53. Kd1 Qb3+ 54. Kc1 Qe3+ 55. Qd2 Qg1+ 56. Kc2 Qc5+ 57. Kb3 Qb5+ 58. Ka2 Qa6+ 59. Kb1 Qf1+ 60. Kc2 Qc4+ 61. Qc3 Qxd5 62. b4 Qa2+ 63. Kc1 Qe2 64. Qb3 Qe1+ 65. Kc2 Qf2+ 66. Kb1 Qe1+ 67. Ka2 Qf2+ 68. Ka3 1/2-1/2

[Event "Daventry 4NCL U2000"]
[Site "Daventry"]
[Date "2025.04.20"]
[Round "4.13"]
[White "Fisher, Neal"]
[Black "Wheeler, Tim"]
[Result "1/2-1/2"]
[WhiteElo "1749"]
[BlackElo "1863"]
[PlyCount "102"]
[EventDate "2025.04.18"]
[EventType "swiss"]
[EventRounds "7"]
[EventCountry "ENG"]
[SourceTitle "BritBase"]
[Source "John Saunders"]
[SourceDate "2025.09.17"]
[SourceVersion "1"]
[SourceVersionDate "2025.09.17"]
[SourceQuality "1"]

1. e4 e6 2. d4 d5 3. e5 c5 4. c3 Qb6 5. Qb3 Nc6 6. Nf3 Bd7 7. Be2 cxd4 8. Qxb6 axb6 9. cxd4 Nb4 10. Na3 Rxa3 11. bxa3 Nc2+ 12. Kd2 Nxa1 13. Bb2 Ne7 14. Rxa1 Nc6 15. Bb5 Nxe5 16. Nxe5 Bxb5 17. Rc1 Be7 18. Rc7 Ba6 19. Rc8+ Bd8 20. Rxd8+ Kxd8 21. Nxf7+ Ke7 22. Nxh8 Kf8 23. Ke3 Kg8 24. Kf4 Kxh8 25. Ke5 Bb5 26. Kxe6 Bc6 27. Kf7 h6 28. Bc1 Kh7 29. h4 h5 30. f3 Bd7 31. Ke7 Bc6 32. g4 Kg6 33. Bg5 b5 34. Ke6 hxg4 35. fxg4 Kh7 36. h5 g6 37. h6 Kg8 38. Be7 Kh7 39. g5 Kg8 40. Bd6 Kh7 41. Kf7 Bd7 42. Kf6 Bc6 43. Bf8 Bd7 44. Ke7 Bc6 45. Kd6 Kg8 46. Be7 Kh7 47. Bf6 Kg8 48. Bg7 Kh7 49. Ke7 Kg8 50. Bf6 Kh7 51. Kf8 Bd7 1/2-1/2

[Event "Daventry 4NCL U2000"]
[Site "Daventry"]
[Date "2025.04.20"]
[Round "4.15"]
[White "White, Nicholas E"]
[Black "Waterman, Nick I"]
[Result "1-0"]
[WhiteElo "1703"]
[BlackElo "1659"]
[PlyCount "67"]
[EventDate "2025.04.18"]
[EventType "swiss"]
[EventRounds "7"]
[EventCountry "ENG"]
[SourceTitle "BritBase"]
[Source "John Saunders"]
[SourceDate "2025.09.17"]
[SourceVersion "1"]
[SourceVersionDate "2025.09.17"]
[SourceQuality "1"]

1. f4 e6 2. Nf3 d5 3. e3 c5 4. b3 Nc6 5. Bb5 Bd7 6. Bb2 Qc7 7. O-O f6 8. c4 Nb4 9. Bxd7+ Qxd7 10. d4 O-O-O 11. a3 Nc6 12. Nc3 Nh6 13. cxd5 exd5 14. Rc1 Kb8 15. Na4 Nf5 16. Re1 cxd4 17. exd4 Bd6 18. g3 Rhe8 19. Qd3 g6 20. Nc5 Bxc5 21. dxc5 d4 22. b4 Rxe1+ 23. Rxe1 Re8 24. Rxe8+ Qxe8 25. b5 Nd8 26. g4 Qe3+ 27. Qxe3 Nxe3 28. Bxd4 Nxg4 29. h3 Nh6 30. Bxf6 Ne6 31. c6 bxc6 32. bxc6 Kc7 33. Nd4 Nxf4 34. Be5+ 1-0

[Event "Daventry 4NCL U2000"]
[Site "Daventry"]
[Date "2025.04.20"]
[Round "5.1"]
[White "Dhingra, Kanvansh"]
[Black "Ireland, David J"]
[Result "0-1"]
[WhiteElo "1749"]
[BlackElo "1967"]
[PlyCount "68"]
[EventDate "2025.04.18"]
[EventType "swiss"]
[EventRounds "7"]
[EventCountry "ENG"]
[SourceTitle "BritBase"]
[Source "John Saunders"]
[SourceDate "2025.09.17"]
[SourceVersion "1"]
[SourceVersionDate "2025.09.17"]
[SourceQuality "1"]

1. e4 Nf6 2. e5 Nd5 3. d4 d6 4. c4 Nb6 5. f4 dxe5 6. fxe5 c5 7. d5 e6 8. Nc3 Qh4+ 9. g3 Qd4 10. Qxd4 cxd4 11. Nb5 Na6 12. d6 f6 13. Nf3 fxe5 14. Nxe5 Bd7 15. c5 Nd5 16. Bc4 Nxc5 17. Bxd5 Bxb5 18. b4 Bxd6 19. bxc5 Bxe5 20. Bxb7 Rd8 21. Bd2 O-O 22. O-O-O Rd7 23. Be4 Rc7 24. Bb4 Rd8 25. Rhe1 Bf6 26. Kb1 Rb8 27. Rd2 Ba4 28. Rb2 d3 29. Bc3 Bc2+ 30. Kc1 Bg5+ 31. Bd2 Bxd2+ 32. Kxd2 Rxb2 33. Bxd3 Bxd3+ 34. Kxd3 Rxc5 0-1

[Event "Daventry 4NCL U2000"]
[Site "Daventry"]
[Date "2025.04.20"]
[Round "5.2"]
[White "Griffin-Young, Sebastian"]
[Black "Jackson, Gary C"]
[Result "0-1"]
[WhiteElo "1875"]
[BlackElo "1950"]
[PlyCount "49"]
[EventDate "2025.04.18"]
[EventType "swiss"]
[EventRounds "7"]
[EventCountry "ENG"]
[SourceTitle "BritBase"]
[Source "John Saunders"]
[SourceDate "2025.09.17"]
[SourceVersion "1"]
[SourceVersionDate "2025.09.17"]
[SourceQuality "1"]

1. c4 c5 2. g3 g6 3. Bg2 Bg7 4. Nc3 Nc6 5. Nf3 e6 6. O-O Nge7 7. d3 d5 8. Bd2 O-O 9. Qc1 Re8 10. Na4 b6 11. Bc3 d4 12. Bd2 Rb8 13. Rb1 Qd6 14. a3 a5 15. Qe1 Bd7 16. b4 axb4 17. axb4 Nxb4 18. Nc3 dxc3 19. Bxc3 Bxc3 20. Qxc3 Nbc6 21. Ng5 Qd4 22. Qd2 Ne5 23. Ne4 Kg7 24. Qg5 N5c6 25. e3 0-1

[Event "Daventry 4NCL U2000"]
[Site "Daventry"]
[Date "2025.04.20"]
[Round "5.3"]
[White "Obi, Okwose Marc"]
[Black "Carter, Bowie"]
[Result "1-0"]
[WhiteElo "1896"]
[BlackElo "1858"]
[PlyCount "35"]
[EventDate "2025.04.18"]
[EventType "swiss"]
[EventRounds "7"]
[EventCountry "ENG"]
[SourceTitle "BritBase"]
[Source "John Saunders"]
[SourceDate "2025.09.17"]
[SourceVersion "1"]
[SourceVersionDate "2025.09.17"]
[SourceQuality "1"]

1. c4 e5 2. g3 Nc6 3. Bg2 Nf6 4. Nc3 Bb4 5. Nd5 Nxd5 6. cxd5 Ne7 7. Nf3 d6 8. Qa4+ c6 9. Qxb4 Nxd5 10. Qa4 O-O 11. d3 f5 12. e4 Nb6 13. Qb3+ Kh8 14. O-O h6 15. Nh4 Qf6 16. Nxf5 Bxf5 17. exf5 Qxf5 18. Be3 1-0

[Event "Daventry 4NCL U2000"]
[Site "Daventry"]
[Date "2025.04.20"]
[Round "5.4"]
[White "Kearney, James I G"]
[Black "Calvert, George"]
[Result "1-0"]
[WhiteElo "1995"]
[BlackElo "1705"]
[PlyCount "55"]
[EventDate "2025.04.18"]
[EventType "swiss"]
[EventRounds "7"]
[EventCountry "ENG"]
[SourceTitle "BritBase"]
[Source "John Saunders"]
[SourceDate "2025.09.17"]
[SourceVersion "1"]
[SourceVersionDate "2025.09.17"]
[SourceQuality "1"]

1. e4 c5 2. d4 cxd4 3. c3 e5 4. Nf3 Nc6 5. cxd4 exd4 6. Nxd4 Nf6 7. Nc3 Bc5 8. Nxc6 bxc6 9. Bc4 O-O 10. O-O Re8 11. Qd3 Qe7 12. Bg5 Qe5 13. Bxf6 Qxf6 14. Rad1 d5 15. exd5 Bg4 16. Rd2 Bf5 17. Qf3 Qg5 18. dxc6 Qxd2 19. Qxf5 Bb6 20. Bxf7+ Kh8 21. Bxe8 Rxe8 22. Qf7 Qe1 23. h3 Qe5 24. Rd1 Bc7 25. g3 Bb6 26. Kg2 Bd4 27. Rxd4 h6 28. Re4 1-0

[Event "Daventry 4NCL U2000"]
[Site "Daventry"]
[Date "2025.04.20"]
[Round "5.5"]
[White "Liu, Jacob"]
[Black "Waterfield, Mark B"]
[Result "0-1"]
[WhiteElo "1858"]
[BlackElo "1990"]
[PlyCount "96"]
[EventDate "2025.04.18"]
[EventType "swiss"]
[EventRounds "7"]
[EventCountry "ENG"]
[SourceTitle "BritBase"]
[Source "John Saunders"]
[SourceDate "2025.09.17"]
[SourceVersion "1"]
[SourceVersionDate "2025.09.17"]
[SourceQuality "1"]

1. e4 e6 2. d4 d5 3. Nd2 Nf6 4. e5 Nfd7 5. Bd3 c5 6. c3 Nc6 7. Ne2 cxd4 8. cxd4 f6 9. f4 fxe5 10. fxe5 Nxd4 11. Nxd4 Qh4+ 12. g3 Qxd4 13. Nf3 Qb6 14. Rf1 Bb4+ 15. Bd2 Qe3+ 16. Be2 Bxd2+ 17. Nxd2 Nxe5 18. Nf3 O-O 19. Nxe5 Qxe5 20. Rxf8+ Kxf8 21. Qc2 Bd7 22. Qxh7 Bb5 23. Qh8+ Ke7 24. Qh4+ Kd7 25. Qh5 Qxh5 26. Bxh5 Rh8 27. a4 Bd3 28. Bf3 Rxh2 29. Ra3 Bc4 30. b4 Kd6 31. Bd1 e5 32. Rf3 d4 33. Rf5 Rh1+ 34. Kd2 Rf1 35. Rg5 Rf2+ 36. Kc1 Rf7 37. Rg6+ Kd5 38. Bg4 Ke4 39. Bh5 Kd3 40. Rg5 Re7 41. b5 e4 42. Kd1 Bb3+ 43. Ke1 Bxa4 44. Be2+ Ke3 45. Rc5 d3 46. Rc3 Kd4 47. Ra3 Bxb5 48. Bd1 e3 0-1

[Event "Daventry 4NCL U2000"]
[Site "Daventry"]
[Date "2025.04.20"]
[Round "5.6"]
[White "Willow, Hambel M"]
[Black "Johnson, Richard J"]
[Result "0-1"]
[WhiteElo "1850"]
[BlackElo "1894"]
[PlyCount "64"]
[EventDate "2025.04.18"]
[EventType "swiss"]
[EventRounds "7"]
[EventCountry "ENG"]
[SourceTitle "BritBase"]
[Source "John Saunders"]
[SourceDate "2025.09.17"]
[SourceVersion "1"]
[SourceVersionDate "2025.09.17"]
[SourceQuality "1"]

1. d4 d6 2. c4 e5 3. dxe5 dxe5 4. Qxd8+ Kxd8 5. Nc3 Be6 6. e3 c6 7. Nf3 f6 8. b3 Kc7 9. Bb2 Nh6 10. Be2 Nd7 11. O-O Be7 12. Rfd1 Nf7 13. Rac1 Kb6 14. a3 a5 15. Rd2 Nc5 16. Bd1 Rhd8 17. b4 axb4 18. axb4 Nd3 19. c5+ Kc7 20. Rb1 Nxb4 21. Na4 Nd3 22. Bc3 Nxc5 23. Nb6 Ra7 24. Rxd8 Bxd8 25. Bc2 g6 26. h4 Nd6 27. Nxe5 fxe5 28. Bxe5 Be7 29. Bd4 Nb5 30. Na4 Nxd4 31. Nxc5 Bxc5 32. exd4 Bxd4 0-1

[Event "Daventry 4NCL U2000"]
[Site "Daventry"]
[Date "2025.04.20"]
[Round "5.7"]
[White "Bramson, Mike"]
[Black "Dean, Robert A"]
[Result "0-1"]
[WhiteElo "1953"]
[BlackElo "1790"]
[PlyCount "72"]
[EventDate "2025.04.18"]
[EventType "swiss"]
[EventRounds "7"]
[EventCountry "ENG"]
[SourceTitle "BritBase"]
[Source "John Saunders"]
[SourceDate "2025.09.17"]
[SourceVersion "1"]
[SourceVersionDate "2025.09.17"]
[SourceQuality "1"]

1. e4 e6 2. d4 d5 3. Nd2 c5 4. c3 Nc6 5. Ngf3 cxd4 6. exd5 Qxd5 7. Bc4 Qd8 8. Qe2 dxc3 9. bxc3 Nf6 10. O-O Be7 11. Ne4 O-O 12. Rd1 Qc7 13. Bd3 Rd8 14. Bg5 Nd5 15. Bxe7 Qxe7 16. g3 f5 17. Qc2 fxe4 18. Bxe4 Nf6 19. g4 Nxe4 20. Qxe4 Bd7 21. g5 Be8 22. Qg4 Bf7 23. Re1 Rd5 24. g6 hxg6 25. c4 Rh5 26. h4 Rd8 27. Ng5 Rd4 28. Re4 Rxe4 29. Qxe4 Qf6 30. Rd1 e5 31. Rd7 Be6 32. Rd6 Nd4 33. Qxb7 Rxg5+ 34. hxg5 Qxg5+ 35. Qg2 Nf3+ 36. Kf1 Bxc4+ 0-1

[Event "Daventry 4NCL U2000"]
[Site "Daventry"]
[Date "2025.04.20"]
[Round "5.8"]
[White "Tart, Peter K"]
[Black "Bellano, Harry"]
[Result "1-0"]
[WhiteElo "1935"]
[BlackElo "1645"]
[PlyCount "65"]
[EventDate "2025.04.18"]
[EventType "swiss"]
[EventRounds "7"]
[EventCountry "ENG"]
[SourceTitle "BritBase"]
[Source "John Saunders"]
[SourceDate "2025.09.17"]
[SourceVersion "1"]
[SourceVersionDate "2025.09.17"]
[SourceQuality "1"]

1. e4 e5 2. Nf3 Nc6 3. d4 exd4 4. Bc4 Bb4+ 5. c3 dxc3 6. bxc3 Ba5 7. O-O d6 8. Qb3 Qf6 9. Re1 Nge7 10. Bg5 Qg6 11. Bxe7 Nxe7 12. Qb5+ Nc6 13. Bd5 O-O 14. Bxc6 Bb6 15. Bd7 c6 16. Qf5 Qxf5 17. Bxf5 Bxf5 18. exf5 Rfe8 19. Nbd2 Ba5 20. c4 Bc3 21. Rab1 b6 22. Kf1 d5 23. cxd5 cxd5 24. Rxe8+ Rxe8 25. Re1 Rc8 26. Rc1 b5 27. Nb1 b4 28. Nxc3 bxc3 29. Ke2 Kf8 30. Kd3 Ke7 31. Rxc3 Rxc3+ 32. Kxc3 a5 33. a4 1-0

[Event "Daventry 4NCL U2000"]
[Site "Daventry"]
[Date "2025.04.20"]
[Round "5.9"]
[White "Saha, Soumil"]
[Black "Slinger, AJ (Tony)"]
[Result "0-1"]
[WhiteElo "1674"]
[BlackElo "1848"]
[PlyCount "86"]
[EventDate "2025.04.18"]
[EventType "swiss"]
[EventRounds "7"]
[EventCountry "ENG"]
[SourceTitle "BritBase"]
[Source "John Saunders"]
[SourceDate "2025.09.17"]
[SourceVersion "1"]
[SourceVersionDate "2025.09.17"]
[SourceQuality "1"]

1. d4 Nf6 2. Bf4 e6 3. c4 b6 4. Nf3 Bb7 5. e3 Bb4+ 6. Nc3 Ne4 7. Qb3 Bxc3+ 8. bxc3 O-O 9. Be2 d6 10. O-O Nd7 11. Rfd1 Qe7 12. a4 a5 13. Nd2 e5 14. Bg3 Nxg3 15. hxg3 Kh8 16. Rab1 Bc6 17. Qc2 f5 18. Re1 Rae8 19. Bd3 e4 20. Be2 Qg5 21. d5 Bb7 22. Nb3 Bc8 23. Nd4 Nc5 24. Nb5 Re7 25. Qa2 Kg8 26. Nd4 Bd7 27. Bd1 Rf6 28. Ra1 Rh6 29. Qc2 Be8 30. Rf1 Bh5 31. Ra2 Bg4 32. Bxg4 fxg4 33. Rd1 Rf7 34. Ne6 Qh5 35. Kf1 Nxe6 36. dxe6 Rxe6 37. Ke2 Qh2 38. Qd2 Qxg2 39. Rf1 Re5 40. Ke1 Qf3 41. Qd4 Qf6 42. Rc2 Qe6 43. Rb2 Rc5 0-1

[Event "Daventry 4NCL U2000"]
[Site "Daventry"]
[Date "2025.04.20"]
[Round "5.10"]
[White "Roychowdhury, Aashita"]
[Black "Gibson, Christopher A"]
[Result "0-1"]
[WhiteElo "1654"]
[BlackElo "1886"]
[PlyCount "116"]
[EventDate "2025.04.18"]
[EventType "swiss"]
[EventRounds "7"]
[EventCountry "ENG"]
[SourceTitle "BritBase"]
[Source "John Saunders"]
[SourceDate "2025.09.17"]
[SourceVersion "1"]
[SourceVersionDate "2025.09.17"]
[SourceQuality "1"]

1. e4 c5 2. Nf3 Nc6 3. d4 cxd4 4. Nxd4 Nf6 5. Nc3 e5 6. Nxc6 bxc6 7. Bc4 Be7 8. Be3 O-O 9. O-O Bb7 10. Bb3 d5 11. exd5 cxd5 12. Bg5 d4 13. Nb1 Qd6 14. Nd2 e4 15. Re1 Rfe8 16. Nc4 Qc5 17. Bf4 Nd7 18. Qg4 Nf6 19. Qd1 Rad8 20. Ne5 Bd5 21. Bxd5 Rxd5 22. h3 Rxe5 23. Bxe5 Qxe5 24. Qe2 Bd6 25. g3 Bc5 26. Kh2 h5 27. f4 Qd6 28. Rf1 d3 29. Qd2 Bb4 30. c3 Bc5 31. Rfd1 e3 32. Qxd3 Qxd3 33. Rxd3 e2 34. b4 Bf2 35. Kg2 e1=Q 36. Rxe1 Bxe1 37. a4 Rc8 38. Rd1 Bxc3 39. Rc1 Nd5 40. b5 Nb6 41. a5 Bxa5 42. Rxc8+ Nxc8 43. Kf3 Nd6 44. g4 hxg4+ 45. hxg4 Nxb5 46. Ke4 Be1 47. f5 a5 48. Kd5 a4 49. Kc4 a3 50. Kb3 Kf8 51. Ka2 f6 52. Kb3 Ke7 53. Ka2 Kd6 54. Kb3 Kc5 55. Ka2 Kc4 56. Ka1 Kb3 57. g5 a2 58. gxf6 Bc3# 0-1

[Event "Daventry 4NCL U2000"]
[Site "Daventry"]
[Date "2025.04.20"]
[Round "5.11"]
[White "White, Nicholas E"]
[Black "Robinson, Brian"]
[Result "1/2-1/2"]
[WhiteElo "1703"]
[BlackElo "1742"]
[PlyCount "44"]
[EventDate "2025.04.18"]
[EventType "swiss"]
[EventRounds "7"]
[EventCountry "ENG"]
[SourceTitle "BritBase"]
[Source "John Saunders"]
[SourceDate "2025.09.17"]
[SourceVersion "1"]
[SourceVersionDate "2025.09.17"]
[SourceQuality "1"]

1. f4 d5 2. Nf3 Nf6 3. e3 Bg4 4. b3 g6 5. h3 Bxf3 6. Qxf3 Bg7 7. Bb2 e6 8. d3 Nc6 9. a3 Qd6 10. Nd2 e5 11. fxe5 Nxe5 12. Bxe5 Qxe5 13. d4 Qe7 14. Bd3 O-O-O 15. O-O Rde8 16. Rfe1 Ne4 17. Bxe4 dxe4 18. Qe2 Rhf8 19. Rf1 f5 20. Nc4 g5 21. c3 Rf7 22. Rf2 Ref8 1/2-1/2

[Event "Daventry 4NCL U2000"]
[Site "Daventry"]
[Date "2025.04.20"]
[Round "5.12"]
[White "Wheeler, Tim"]
[Black "Bowman, Richard L"]
[Result "1-0"]
[WhiteElo "1863"]
[BlackElo "1776"]
[PlyCount "157"]
[EventDate "2025.04.18"]
[EventType "swiss"]
[EventRounds "7"]
[EventCountry "ENG"]
[SourceTitle "BritBase"]
[Source "John Saunders"]
[SourceDate "2025.09.17"]
[SourceVersion "1"]
[SourceVersionDate "2025.09.17"]
[SourceQuality "1"]

1. Nf3 d5 2. g3 Nc6 3. d4 Bf5 4. c4 e6 5. Qb3 Rb8 6. Bg2 Nf6 7. O-O h6 8. a3 Be7 9. Nc3 dxc4 10. Qxc4 O-O 11. b4 Ne4 12. Bb2 Bf6 13. Rfd1 Nxc3 14. Qxc3 Ne7 15. Ne5 Bxe5 16. dxe5 Qc8 17. e4 Bg4 18. f3 Bh5 19. Rac1 c6 20. Qc5 Qc7 21. Qd6 Rbc8 22. Kf2 Rfe8 23. Qxc7 Rxc7 24. Rd2 Nc8 25. Rcd1 Kf8 26. Bf1 Ke7 27. Bd4 b6 28. Be3 g5 29. g4 Bg6 30. h4 f6 31. h5 Bf7 32. exf6+ Kxf6 33. Rd7 Rxd7 34. Rxd7 e5 35. Ba6 c5 36. bxc5 bxc5 37. Bxc5 Nb6 38. Rxa7 Na4 39. Bb4 Nb2 40. Ke2 Bc4+ 41. Bxc4 Nxc4 42. Ra6+ Kg7 43. Rg6+ Kh7 44. Rc6 Nb2 45. Kd2 Rd8+ 46. Kc3 Nd1+ 47. Kc4 Nb2+ 48. Kb3 Nd3 49. Rd6 Nc1+ 50. Kc4 Rc8+ 51. Kb5 Nb3 52. Rb6 Nd4+ 53. Ka6 Nxf3 54. Kb7 Rc4 55. Bd6 Rxe4 56. Rb4 Re2 57. a4 Ra2 58. Kb6 Kg8 59. a5 Rd2 60. Bc7 Rd4 61. Rb3 Nd2 62. Bxe5 Nc4+ 63. Kc5 Re4 64. Bc7 Nxa5 65. Bxa5 Rxg4 66. Rh3 Kf7 67. Kd5 Kf6 68. Bc3+ Kf7 69. Ke5 Rf4 70. Bd2 Rf2 71. Be3 Rf1 72. Ke4 Kg7 73. Bd4+ Kh7 74. Be5 Kg8 75. Kd5 Kf7 76. Ra3 Rh1 77. Ra7+ Ke8 78. Ke6 Kd8 79. Ra8# 1-0

[Event "Daventry 4NCL U2000"]
[Site "Daventry"]
[Date "2025.04.20"]
[Round "5.13"]
[White "Lawrence, Spencer"]
[Black "Matthews, Adrian MS"]
[Result "0-1"]
[WhiteElo "1825"]
[BlackElo "1855"]
[PlyCount "106"]
[EventDate "2025.04.18"]
[EventType "swiss"]
[EventRounds "7"]
[EventCountry "ENG"]
[SourceTitle "BritBase"]
[Source "John Saunders"]
[SourceDate "2025.09.17"]
[SourceVersion "1"]
[SourceVersionDate "2025.09.17"]
[SourceQuality "1"]

1. e4 c5 2. Nf3 Nc6 3. Bb5 g6 4. O-O Bg7 5. Re1 e5 6. c4 Nd4 7. Nxd4 cxd4 8. d3 Ne7 9. f4 Nc6 10. Rf1 O-O 11. f5 g5 12. Qh5 f6 13. h4 gxh4 14. c5 Qe7 15. Bc4+ Kh8 16. Kf2 d5 17. cxd6 Qe8 18. Qxh4 Rf7 19. Rh1 Bf8 20. Qh5 Nd8 21. Nd2 Bd7 22. Bxf7 Qxf7 23. Nf3 Qxh5 24. Rxh5 Rc8 25. Ne1 Bxd6 26. Bd2 Nc6 27. Nc2 Rf8 28. Rah1 Rf7 29. g4 Be7 30. g5 fxg5 31. Bxg5 Bxf5 32. Bf6+ Bxf6 33. Rxf5 Ne7 34. Rf3 Ng6 35. Ke2 Kg7 36. Rhf1 Nf4+ 37. Kd1 Bg5 38. Nb4 Rc7 39. R1f2 h5 40. Rc2 Rxc2 41. Nxc2 h4 42. Ke1 h3 43. Rf1 Bh4+ 44. Kd2 Kh6 45. Ne1 Kh5 46. Nf3 Kg4 47. Nxe5+ Kg3 48. Rf3+ Kg2 49. Rxf4 Bg5 50. Ng6 h2 51. Ke2 Bxf4 52. Nxf4+ Kg3 53. Nh5+ Kh4 0-1